Dependence on cocentration and temperature of Mn2+ luminescence in zinc metaphosphate glasses

Elmentve itt :
Bibliográfiai részletek
Szerzők: Szörényi Tamás
Szöllősy László
Szanka Károly
Dokumentumtípus: Cikk
Megjelent: 1974
Sorozat:Acta physica et chemica 20 No. 4
Kulcsszavak:Természettudomány, Kémia, Fizika
Online Access:http://acta.bibl.u-szeged.hu/23928
LEADER 00764nab a2200205 i 4500
001 acta23928
005 20210601151014.0
008 161017s1974 hu o 0|| eng d
022 |a 0001-6721 
040 |a SZTE Egyetemi Kiadványok Repozitórium  |b hun 
041 |a eng 
100 1 |a Szörényi Tamás 
245 1 0 |a Dependence on cocentration and temperature of Mn2+ luminescence in zinc metaphosphate glasses  |h [elektronikus dokumentum] /  |c  Szörényi Tamás 
260 |c 1974 
300 |a 371-377 
490 0 |a Acta physica et chemica  |v 20 No. 4 
695 |a Természettudomány, Kémia, Fizika 
700 0 1 |a Szöllősy László  |e aut 
700 0 1 |a Szanka Károly  |e aut 
856 4 0 |u http://acta.bibl.u-szeged.hu/23928/1/phys_chem_020_fasc_004_371-377.pdf  |z Dokumentum-elérés